000 01917cam a2200493 a 4500
001 13447874
003 BJBSDDR
005 20260421150822.0
007 ta
008 040102s2011 nyu 000 1 eng
010 _a 2004041165
020 _a9780062073488
020 _a0062073486
035 _a13447874
040 _aDLC
_cDLC
_dDLC
_beng
041 _aeng
043 _ae-uk-en
050 0 0 _bC555 2011
082 0 0 _a823/.912
_222
100 1 _aChristie, Agatha,
_d1890-1976
_924265
245 1 0 _aAnd then there were none /
_cAgatha Christie ; René Clair.
250 _a1st St. Martin's Griffin ed.
260 _aChapel Hill :
_bHarper,
_c2011.
300 _a300 pages ;
_c18 cm.
336 _atext
_btxt
_2rdacontent
337 _aunmediated
_bn
_2rdamedia
338 _avolume
_bnc
_2rdacarrier
500 _a"Previously published as Ten little Indians."
520 _aTen strangers, each with a dark secret, are gathered together on an isolated island by a mysterious host. One by one, they die, and before the weekend is out, there will be none.
650 0 _aMurder victims
_vFiction.
650 0 _aMillionaires
_vFiction.
650 0 _aIslands
_vFiction.
651 0 _aDevon (England)
_vFiction.
655 7 _aMystery fiction.
_2gsafd
655 7 _aFiction.
_2lcgft
_0https://id.loc.gov/authorities/genreForms/gf2014026339
700 1 _aClair, René,
_d1898-1981
_948047
856 4 2 _3Contributor biographical information
_uhttp://www.loc.gov/catdir/bios/hol055/2004041165.html
856 4 2 _3Publisher description
_uhttp://www.loc.gov/catdir/description/hol053/2004041165.html
906 _a7
_bcbc
_corignew
_d1
_eocip
_f20
_gy-gencatlg
942 _2lcc
_n0
_cBK
946 _irmza
999 _c126875
_d126875